<?xml version="1.0" encoding="UTF-8"?><?xml-stylesheet type="text/xsl" href="static/style.xsl"?><OAI-PMH xmlns="http://www.openarchives.org/OAI/2.0/" xmlns:xsi="http://www.w3.org/2001/XMLSchema-instance" xsi:schemaLocation="http://www.openarchives.org/OAI/2.0/ http://www.openarchives.org/OAI/2.0/OAI-PMH.xsd"><responseDate>2026-04-13T01:16:02Z</responseDate><request verb="GetRecord" identifier="oai:www.recercat.cat:2117/424370" metadataPrefix="marc">https://recercat.cat/oai/request</request><GetRecord><record><header><identifier>oai:recercat.cat:2117/424370</identifier><datestamp>2025-07-17T10:58:17Z</datestamp><setSpec>com_2072_1033</setSpec><setSpec>col_2072_452950</setSpec></header><metadata><record xmlns="http://www.loc.gov/MARC21/slim" xmlns:dcterms="http://purl.org/dc/terms/" xmlns:xsi="http://www.w3.org/2001/XMLSchema-instance" xmlns:doc="http://www.lyncode.com/xoai" xsi:schemaLocation="http://www.loc.gov/MARC21/slim http://www.loc.gov/standards/marcxml/schema/MARC21slim.xsd">
   <leader>00925njm 22002777a 4500</leader>
   <datafield ind2=" " ind1=" " tag="042">
      <subfield code="a">dc</subfield>
   </datafield>
   <datafield ind2=" " ind1=" " tag="720">
      <subfield code="a">Llorens Sulivera, Miquel</subfield>
      <subfield code="e">author</subfield>
   </datafield>
   <datafield ind2=" " ind1=" " tag="720">
      <subfield code="a">Señís López, Roger</subfield>
      <subfield code="e">author</subfield>
   </datafield>
   <datafield ind2=" " ind1=" " tag="720">
      <subfield code="a">Pavón García, Susana</subfield>
      <subfield code="e">author</subfield>
   </datafield>
   <datafield ind2=" " ind1=" " tag="720">
      <subfield code="a">Moreno Torres, Benjamí</subfield>
      <subfield code="e">author</subfield>
   </datafield>
   <datafield ind2=" " ind1=" " tag="260">
      <subfield code="c">2018</subfield>
   </datafield>
   <datafield ind2=" " ind1=" " tag="520">
      <subfield code="a">The Sacred Heart Church of Vistabella (La Secuita, Spain) was designed by Josep Maria Jujol and built in the early twenties of the XX century. The slenderness of its steeple makes it extremely exposed to wind action, to the extent that its stability has been threatened since the construction started. At the end of 1934, the upper spire crumbled away, being rebuilt and reinforced with steel passive bars. After some numerical approaches, it became clear that the lightness of such a masonry construction along with the feebleness of the connections between the structural members were at the basis of the problem. In order to provide additional vertical load without substantively modifying the structural scheme, a solution based on external prestressed bars, was im-plemented. The bars replace the existing passive bars, which have proven to be totally useless. The active sys-tem proposed allows to eliminate the masonry’s tensile stresses under the action of the wind. The additional loading to be applied varies depending on the level (three levels in total), according to the gradual post-tensioning system proposed as a strengthening technique of the steeple. Therefore, it has been necessary to de-sign a procedure able to introduce independent tensions at the different levels throughout the same tie and the corresponding monitoring system to control the tensioning process during the implementation. The procedure, the theory that supports it, and the results of the follow-up are described in detail, these being the objective of the paper.</subfield>
   </datafield>
   <datafield ind2=" " ind1=" " tag="520">
      <subfield code="a">Peer Reviewed</subfield>
   </datafield>
   <datafield ind2=" " ind1=" " tag="520">
      <subfield code="a">Postprint (author's final draft)</subfield>
   </datafield>
   <datafield tag="653" ind2=" " ind1=" ">
      <subfield code="a">Àrees temàtiques de la UPC::Edificació::Rehabilitació d'edificis</subfield>
   </datafield>
   <datafield tag="653" ind2=" " ind1=" ">
      <subfield code="a">Architecture -- Conservation and restoration</subfield>
   </datafield>
   <datafield tag="653" ind2=" " ind1=" ">
      <subfield code="a">Church buildings -- Spain -- Maestrazgo</subfield>
   </datafield>
   <datafield tag="653" ind2=" " ind1=" ">
      <subfield code="a">Vistabella Church</subfield>
   </datafield>
   <datafield tag="653" ind2=" " ind1=" ">
      <subfield code="a">Heritage structures</subfield>
   </datafield>
   <datafield tag="653" ind2=" " ind1=" ">
      <subfield code="a">Restoration</subfield>
   </datafield>
   <datafield tag="653" ind2=" " ind1=" ">
      <subfield code="a">Structural monitoring</subfield>
   </datafield>
   <datafield tag="653" ind2=" " ind1=" ">
      <subfield code="a">Arquitectura -- Conservació i restauració</subfield>
   </datafield>
   <datafield tag="653" ind2=" " ind1=" ">
      <subfield code="a">Esglésies -- País Valencià -- Vistabella del Maestrat</subfield>
   </datafield>
   <datafield ind2="0" ind1="0" tag="245">
      <subfield code="a">A case study of structural monitoring as a control tool in the restoration process of Heritage Structures: The strengthening of the Vistabella Church’s Tower</subfield>
   </datafield>
</record></metadata></record></GetRecord></OAI-PMH>